000 00468nam a2200181Ia 4500
005 20250508151020.0
008 008 250505s9999 xx 000 0 eng d
037 _aTextual
040 _aFEDL
_beng
_cFEDL
041 _aeng
_2eng
084 _aB, TAG
_qFEDL
100 _aTagore Rabindranath
245 0 _aMy boyhood days
260 _aCalcutta, India
_bVisva-Bharati
_c1945
300 _a87p.
942 _cTEXL
_hB, TAG
999 _c1327069
_d1327069